Thái độ của người dân phường Hòa Khánh Nam - Quận Liên Chiểu - TP Đà Nẵng về vấn đề bạo lực gia đình đối với người phụ nữ

Cơ sở lý luận chung của vấn đề nghiên cứu: Tổng quan tình hình nghiên cứu về bạo lực gia đình. Các khái niệm cơ bản sử dụng trong đề tài. Các yếu tố tâm lý ảnh hưởng đến thái độ của người dân về bạo lực đối với người phụ nữ trong gia đình...Tổ chức nghiên cứu và phương pháp nghiên cứu. Kết quả nghiê...

Szczegółowa specyfikacja

Zapisane w:
Opis bibliograficzny
1. autor: Lê, Thị Duyên (Tác giả)
Kolejni autorzy: Phạm Thị Mơ Th.S (Hướng dẫn)
Format: Książka
Język:Vietnamese
Wydane: Đà Nẵng Đại học Sư phạm 2009
Hasła przedmiotowe:
Etykiety: Dodaj etykietę
Nie ma etykietki, Dołącz pierwszą etykiete!
Thư viện lưu trữ: Mạng thư viện Đại học Đà Nẵng
LEADER 01810nam a2200349 4500
001 000012342
003 8636
005 20120217150205.0
008 120217s2009 viesd
041 |a vie 
072 |a Khóa luận tốt nghiệp 
082 |a 152.4082  |b LE-D 
100 |a Lê, Thị Duyên  |e Tác giả 
245 |a Thái độ của người dân phường Hòa Khánh Nam - Quận Liên Chiểu - TP Đà Nẵng về vấn đề bạo lực gia đình đối với người phụ nữ  |c Lê Thị Duyên 
260 |a Đà Nẵng  |b Đại học Sư phạm  |c 2009 
300 |a 94 tr.  |c 29 cm 
500 |a Khóa luận tốt nghiệp khoa Tâm lý - giáo dục. Ngành: Cử nhân tâm lý học 
520 |a Cơ sở lý luận chung của vấn đề nghiên cứu: Tổng quan tình hình nghiên cứu về bạo lực gia đình. Các khái niệm cơ bản sử dụng trong đề tài. Các yếu tố tâm lý ảnh hưởng đến thái độ của người dân về bạo lực đối với người phụ nữ trong gia đình...Tổ chức nghiên cứu và phương pháp nghiên cứu. Kết quả nghiên cứu. 
653 |a Thái độ 
653 |a Bạo lực gia đình 
653 |a Hòa Khánh Nam - Liên Chiểu - Đà Nẵng 
700 |a Phạm Thị Mơ  |c Th.S  |e Hướng dẫn 
OWN |a LSP 
AVA |a UDN50  |b LSP  |d 152.4082 LE-D  |e available  |t Error 5001 Not defined in file expand_doc_bib_avail.  |f 1  |g 0  |h N  |i 0  |k 1 
999 |a From the UDN01 
AVA |a UDN50  |b LSP  |d 152.4082 LE-D  |e available  |t Error 5001 Not defined in file expand_doc_bib_avail.  |f 1  |g 0  |h N  |i 0  |k 1 
TYP |a Monograph 
TYP |a Printed language 
980 |a Mạng thư viện Đại học Đà Nẵng